000 00206 a2200097 4500
001 47120
100 _aSchaeffer H
245 _aU- Boat 977
260 _aLondon
_bWilliam Kimber
_c
090 _c30179
_d30179
942 _aNUST-CAE
_cM
_c22424
999 _c282193
_d282193